12 Most Famous Cities in Turkmenistan on a Map - Statistics

General Stats
  • This quiz has been taken 77 times
  • The average score is 5 of 12
Answers on the Map
Answers color-coded by a green-red scale on the quiz's map according to % correct below.
 
Answer Stats
Wiki Monthly Views Cityquiz Mention Rate Population Answers % Correct
66.46K 31.62% 1030.06K Ashgabat
98%
12.07K 7.89% 167.03K Mary
81%
11.02K 3.54% 91.75K Türkmenbaşy
74%
7.54K 3.85% 230.86K Türkmenabat
70%
3.79K 1.15% 123.19K Balkanabat
49%
4.28K 1.12% 201.14K Daşoguz
40%
11.28K - 1.69K Darvaza
38%
2.73K - - Awaza
23%
1.84K 0.23% 70.38K Baýramaly
21%
8.75K 0.17% 37.18K Konye-Urgench
19%
6.17K - 0.57K Arkadag
15%
3.38K 0.04% 16.04K Serhetabat
15%
No matching quizzes found
Score Distribution
Percent of People with Each Score
Percentile by Number Answered
Your Score History
You have not taken this quiz